Industrial economy of India / (Record no. 125328)

MARC details
000 -LEADER
fixed length control field 00760nam a22002417a 4500
005 - DATE AND TIME OF LATEST TRANSACTION
control field 20170124105952.0
010 ## - LIBRARY OF CONGRESS CONTROL NUMBER
LC control number A-953705
020 ## - INTERNATIONAL STANDARD BOOK NUMBER
Terms of availability 00.00
035 ## - SYSTEM CONTROL NUMBER
System control number A-953705
037 ## - SOURCE OF ACQUISITION
Source of stock number/acquisition Cen Lib/Ret
040 ## - CATALOGING SOURCE
Original cataloging agency DPL
Language of cataloging EN
082 ## - DEWEY DECIMAL CLASSIFICATION NUMBER
Classification number 338.954
Item number DES
100 ## - MAIN ENTRY--PERSONAL NAME
Personal name Desai, S. S. M.
9 (RLIN) 13738
245 ## - TITLE STATEMENT
Title Industrial economy of India /
Statement of responsibility, etc by S. S. M. Desai [and] Nirmal Bhalerao
260 ## - PUBLICATION, DISTRIBUTION, ETC. (IMPRINT)
Place of publication, distribution, etc Bombay
Name of publisher, distributor, etc Himalaya Publishing House
Date of publication, distribution, etc 1996
270 ## - ADDRESS
Address "Ramdoot" Dr. Bhalerao Marg, Girgaon
City Bombay
Postal code 400004
300 ## - PHYSICAL DESCRIPTION
Extent 541p.
Dimensions 22cm(Hb)
500 ## - GENERAL NOTE
General note Includes bibliographical references and index<br/>
650 ## - SUBJECT ADDED ENTRY--TOPICAL TERM
Topical term or geographic name as entry element Industrial policy
9 (RLIN) 6646
650 ## - SUBJECT ADDED ENTRY--TOPICAL TERM
Topical term or geographic name as entry element Industries
9 (RLIN) 13739
700 ## - ADDED ENTRY--PERSONAL NAME
Personal name Bhalerao, Nirmal
9 (RLIN) 13740
942 ## - ADDED ENTRY ELEMENTS (KOHA)
Source of classification or shelving scheme Dewey Decimal Classification
Koha item type English Books
Classification part 338.954
Call number suffix DES
Holdings
Withdrawn status Lost status Damaged status Not for loan Home library Current library Date acquired Source of acquisition Cost, normal purchase price Total Checkouts Full call number Barcode Date last seen Copy number Cost, replacement price Price effective from Koha item type Public note
Written off       Central Library Central Library 20/06/2015 Cen Lib/Ret 0.00   338.954 DES A-953705 20/06/2015 1 0.00 20/06/2015 English Books Written off on approval by DLB (By Circulation); dtd 15-06-2023

© Delhi Public Library
Hit Counter
free hit counter